| 000 | 02030nam a2200529Ii 4500 | ||
|---|---|---|---|
| 001 | DIGAKAL0076 | ||
| 003 | NyNyDIG | ||
| 008 | 161108s2012 sp ob 000 0 spa d | ||
| 006 | m o d | ||
| 007 | cr ||||||||||| | ||
| 035 | _a(OCoLC)903677952 | ||
| 040 |
_aDGITA _beng _erda _epn _cDGITA |
||
| 020 |
_a9788446036616 _q(eBook ; _qePub) |
||
| 020 |
_a8446036614 _q(eBook ; _qePub) |
||
| 020 | _z9788446032670 | ||
| 020 | _z8446032678 | ||
| 041 | 1 |
_aspa _heng |
|
| 043 | _ae------ | ||
| 050 | 1 | 4 | _aJN30 ebook |
| 082 | 0 | 4 |
_a341.2422 _223 |
| 100 | 1 |
_aAnderson, Perry, _eauthor. |
|
| 240 | 1 | 0 |
_aNew old world. _lSpanish |
| 245 | 1 | 3 |
_aEl nuevo viejo mundo / _cPerry Anderson ; traducción, Jaime Blasco Castiñeyra. |
| 264 | 1 |
_aTres Cantos, Madrid, España : _bEdiciones Akal, S.A., _c[2012] |
|
| 300 | _a1 online resource. | ||
| 336 |
_atext _btxt _2rdacontent |
||
| 337 |
_acomputer _bc _2rdamedia |
||
| 338 |
_aonline resource _bcr _2rdacarrier |
||
| 490 | 1 |
_aCuestiones de antagonismo ; _v67 |
|
| 504 | _aIncludes bibliographical references. | ||
| 588 | 0 | _aOnline resource; title from ePub title page (Digitalia, viewed November 9, 2016) | |
| 610 | 2 | 0 |
_aEuropean Union _xHistory. |
| 650 | 0 |
_aEconomic development _zEuropean Union countries. |
|
| 651 | 0 |
_aEuropean Union countries _xPolitics and government. |
|
| 651 | 0 |
_aEuropean Union countries _xEconomic integration. |
|
| 651 | 0 |
_aEuropean Union countries _xForeign relations. |
|
| 650 | 0 |
_aRegional disparities _zEuropean Union countries. |
|
| 655 | 0 | _aElectronic books. | |
| 700 | 1 |
_aBlasco, Jaime, _etranslator. |
|
| 791 | 2 |
_aDigitalia (Firm), _edistributor. |
|
| 793 | 0 |
_gDigitalia eBook Collection: _aAkal |
|
| 776 | 0 | 8 |
_iPrinted version: _aAnderson, Perry. _sNew old world. Spanish. _tNuevo viejo mundo. _dTres Cantos (Madrid) : Akal, 2012 _z9788446032670 |
| 830 | 0 |
_aCuestiones de antagonismo ; _v67. |
|
| 856 | 4 | 0 |
_3Digitalia Hispánica _uhttps://www.digitaliapublishing.com/a/27911/ |
| 910 | _aPremium Collection: 2016 | ||
| 942 | _cRAA | ||
| 999 |
_c238970 _d238970 |
||